De Smith's Judicial Review / (Record no. 8431)

MARC details
000 -LEADER
fixed length control field 00414nam a22001577a 4500
008 - FIXED-LENGTH DATA ELEMENTS--GENERAL INFORMATION
fixed length control field 160525b xxu||||| |||| 00| 0 eng d
020 ## - INTERNATIONAL STANDARD BOOK NUMBER
International Standard Book Number 9780414042155
082 ## - DEWEY DECIMAL CLASSIFICATION NUMBER
Classification number 347.012 WOO
100 ## - MAIN ENTRY--PERSONAL NAME
Personal name Woolf, Lord
245 ## - TITLE STATEMENT
Title De Smith's Judicial Review /
Statement of responsibility, etc Lord Woolf
250 ## - EDITION STATEMENT
Edition statement 7th ed.
260 ## - PUBLICATION, DISTRIBUTION, ETC. (IMPRINT)
Place of publication, distribution, etc London :
Name of publisher, distributor, etc Sweet & Maxwell ,
Date of publication, distribution, etc 2013
300 ## - PHYSICAL DESCRIPTION
Extent ccl,1183p. ;
Dimensions 24cm.
500 ## - GENERAL NOTE
General note Includes index
942 ## - ADDED ENTRY ELEMENTS (KOHA)
Source of classification or shelving scheme Dewey Decimal Classification
Item type Books
Holdings
Withdrawn status Lost status Source of classification or shelving scheme Damaged status Not for loan Home library Current library Shelving location Date acquired Total Checkouts Full call number Barcode Date last seen Copy number Price effective from Koha item type
    Dewey Decimal Classification     Law Development Centre Main Library Law Development Centre Main Library Text Books and Laws 05/25/2016   347.012 WOO 887/015 05/25/2016 001 05/25/2016 Books